000 00699nam a2200205 i 4500
001 16099
003 ES-MaACL
005 20231224062911.0
007 t|
008 000622s1999 sp ||||1| spa d
020 _a84-7035-492-2
080 _a821.134.2-92"19"
100 1 _aBaroja, Pío,
_d1872-1956
_925752
245 1 0 _aDesde el exilio
_b: (los artículos inéditos publicados en la La Nación de Buenos Aires, 1936-1943) /
_cPío Baroja ; edición, prólogo y notas de Miguel Ángel García de Juan.
260 _aMadrid :
_bCaro Raggio,
_c[1999]
300 _a336 p. ;
_c19 cm.
700 1 _aGarcía de Juan, Miguel Ángel.
_954436
852 _aES-MaACL
_jL-23355
999 _c16099
_d16099